[Event "Rovinj/Zagreb"]
[Site "Zagreb"]
[Date "1975.??.??"]
[Round "12"]
[White "Kuzmin, Gennadi P"]
[Black "Marovic, Drazen"]
[Result "1/2-1/2"]
[WhiteElo "2600"]
[BlackElo "2490"]
[PlyCount "41"]
[EventDate "1975.??.??"]
[Source "ChessBase"]

1. e4 e6 2. d4 d5 3. Nc3 Bb4 4. Nge2 dxe4 5. a3 Be7 6. Nxe4 Nf6 7. Nxf6+ Bxf6 8. Be3 Nc6 9. Qd2 e5 10. d5 Ne7 11. O-O-O O-O 12. Nc3 Nf5 13. Bd3 Be7 14. h4 Nd6 15. f3 f5 16. Bg5 h6 17. Bxe7 Qxe7 18. Rde1 Bd7 19. Qe3 Rfe8 20. f4 e4 21. Qd4 1/2-1/2

[Event "Sao Paulo BRA"]
[Site "Sao Paulo BRA"]
[Date "1979.??.??"]
[Round "?"]
[White "Braga, Cicero"]
[Black "Korchnoi, Viktor L"]
[Result "0-1"]
[WhiteElo "2390"]
[BlackElo "2695"]
[PlyCount "48"]
[EventDate "1979.??.??"]
[Source "www.chesslib.no"]
[SourceDate "2004.05.04"]

1. e4 e6 2. d4 d5 3. Nc3 Bb4 4. Nge2 dxe4 5. a3 Bxc3+ 6. Nxc3 Nc6 7. Bb5 Nge7 8. Bg5 f6 9. Be3 O-O 10. Qd2 f5 11. Bg5 h6 12. Bxe7 Nxe7 13. O-O-O Nd5 14. Bc4 c6 15. f3 exf3 16. gxf3 Qh4 17. Ne2 f4 18. Rdg1 Qf2 19. Rg6 Qxf3 20. Rhg1 Rf7 21. Kb1 Qe3 22. Qe1 Ne7 23. R6g4 f3 24. R4g3 Nf5 0-1

[Event "Campionato europeo 2007"]
[Site "Dresda GER"]
[Date "2007.04.03"]
[Round "1"]
[White "Orlov, Andrey"]
[Black "Asrian, Karen"]
[Result "1-0"]
[WhiteElo "2447"]
[BlackElo "2635"]
[PlyCount "113"]
[EventDate "2007.04.03"]
[Source "www.chesslib.no"]
[SourceDate "2004.05.04"]

1. e4 e6 2. d4 d5 3. Nc3 Bb4 4. Nge2 dxe4 5. a3 Be7 6. Nxe4 Nf6 7. Nxf6+ Bxf6 8. Be3 O-O 9. Qd2 b5 10. g4 Bb7 11. Rg1 g6 12. O-O-O a5 13. Nf4 b4 14. a4 Nd7 15. g5 Bg7 16. d5 e5 17. Ne6 fxe6 18. dxe6 Nb6 19. Qxd8 Rfxd8 20. Rxd8+ Rxd8 21. Bxb6 cxb6 22. e7 Re8 23. Bc4+ Bd5 24. Bxd5+ Kh8 25. Rd1 Rxe7 26. Be4 Bf8 27. f3 Rf7 28. Rd5 Kg7 29. Kd1 Rc7 30. Ke2 Kf7 31. Rd8 Bc5 32. h4 Ke6 33. Re8+ Re7 34. Rh8 Rf7 35. Re8+ Be7 36. Rh8 Bc5 37. b3 Rg7 38. Bd3 Rc7 39. Kf1 Rd7 40. Kg2 Kd5 41. Bb5 Re7 42. Rd8+ Bd6 43. Bd3 Kc5 44. Be4 Rg7 45. Kh3 Rc7 46. Kg3 Rf7 47. Kh3 Rc7 48. Kg4 Rg7 49. h5 Rf7 50. hxg6 hxg6 51. Rg8 Rf4+ 52. Kg3 Be7 53. Rxg6 Rf8 54. Kg4 Kd4 55. Re6 Bd8 56. g6 Ke3 57. g7 1-0

[Event "Mulhouse"]
[Site "?"]
[Date "2000.??.??"]
[Round "?"]
[White "Sokolov, And"]
[Black "Legky, N."]
[Result "1-0"]
[WhiteElo "2560"]
[BlackElo "2520"]
[PlyCount "53"]
[EventDate "2000.??.??"]
[Source "Chess Informant"]
[SourceDate "2000.06.01"]

1. e4 e6 2. d4 d5 3. Nc3 Bb4 4. Nge2 Nf6 5. e5 Ne4 6. a3 Nxc3 7. Nxc3 Bxc3+ 8. bxc3 O-O 9. Bd3 f5 10. exf6 Qxf6 11. O-O Nc6 12. Qh5 h6 13. Bd2 e5 14. Rae1 exd4 15. Qxd5+ Kh8 16. cxd4 Nxd4 17. Re5 Nc6 18. Qe4 g6 19. Bc3 Bf5 20. Rxf5 Qxc3 21. Rxf8+ Rxf8 22. Qxg6 Qg7 23. Qe4 Qe7 24. Qxe7 Nxe7 25. Re1 Nd5 26. g3 Rd8 27. Re6 1-0

[Event "Sochi"]
[Site "Sochi"]
[Date "1980.??.??"]
[Round "9"]
[White "Zaitsev, Igor A"]
[Black "Vaganian, Rafael A"]
[Result "1/2-1/2"]
[WhiteElo "2490"]
[BlackElo "2590"]
[PlyCount "28"]
[EventDate "1980.09.??"]
[Source "ChessBase"]

1. e4 e6 2. d4 d5 3. Nc3 Bb4 4. Nge2 dxe4 5. a3 Bxc3+ 6. Nxc3 Nc6 7. d5 exd5 8. Qxd5 Nge7 9. Qxd8+ Nxd8 10. Nxe4 Bf5 11. Bd3 Ne6 12. Bd2 O-O-O 13. O-O-O Bg6 14. Rhe1 Nd5 1/2-1/2

[Event "Saint John (open II)"]
[Site "?"]
[Date "1988.??.??"]
[Round "?"]
[White "Shirazi, K."]
[Black "Yusupov, A."]
[Result "0-1"]
[WhiteElo "2455"]
[BlackElo "2620"]
[PlyCount "82"]
[EventDate "1988.??.??"]
[Source "ChessBase"]
[SourceDate "1988.01.01"]

1. e4 e6 2. d4 d5 3. Nc3 Bb4 4. Nge2 dxe4 5. a3 Be7 6. Nxe4 Nf6 7. Qd3 O-O 8. Bf4 Nd5 9. Bd2 b6 10. c4 Ba6 11. g3 Nd7 12. Bg2 N5f6 13. Nxf6+ Bxf6 14. Bxa8 Ne5 15. Qe4 Qxa8 16. Qxa8 Nd3+ 17. Kf1 Rxa8 18. b3 Bb7 19. Rg1 c5 20. Be3 Rd8 21. Nf4 cxd4 22. Nxd3 dxe3 23. Ke2 exf2 24. Nxf2 Bxa1 25. Rxa1 f6 26. Rc1 Kf7 27. Ke3 e5 28. a4 Ke6 29. a5 f5 30. c5 bxc5 31. Nd3 Bd5 32. Nxc5+ Kd6 33. b4 g5 34. Na6 f4+ 35. Kf2 e4 36. h4 h6 37. Nc7 Ke5 38. hxg5 hxg5 39. gxf4+ gxf4 40. Rc5 e3+ 41. Ke2 Ke4 0-1

[Event "Clarin"]
[Site "Buenos Aires"]
[Date "1978.??.??"]
[Round "3"]
[White "Gheorghiu, Florin"]
[Black "Vaganian, Rafael A"]
[Result "1/2-1/2"]
[WhiteElo "2520"]
[BlackElo "2555"]
[PlyCount "45"]
[EventDate "1978.11.??"]
[Source "ChessBase"]

1. e4 e6 2. d4 d5 3. Nc3 Bb4 4. Nge2 dxe4 5. a3 Be7 6. Nxe4 Nf6 7. Nxf6+ Bxf6 8. Be3 c5 9. Qd2 Nc6 10. O-O-O cxd4 11. Nxd4 Bxd4 12. Bxd4 Qxd4 13. Qxd4 Nxd4 14. Rxd4 Bd7 15. Bd3 Bc6 16. Be4 Bxe4 17. Rxe4 Ke7 18. Rd1 Rhd8 19. Red4 Rxd4 20. Rxd4 e5 21. Rd5 Ke6 22. c4 Rc8 23. b3 1/2-1/2

[Event "Calviá ol (Men)"]
[Site "Mallorca"]
[Date "2004.10.18"]
[Round "4.11"]
[White "Nataf, Igor Alexandre"]
[Black "Ostenstad, Berge"]
[Result "1-0"]
[WhiteElo "2565"]
[BlackElo "2506"]
[PlyCount "57"]
[EventDate "2004.10.15"]
[Source "Roberto Alvarez"]
[SourceDate "2004.10.25"]

1. e4 e6 2. d4 d5 3. Nc3 Bb4 4. Nge2 Nf6 5. e5 Nfd7 6. f4 f5 7. a3 Be7 8. g4 fxg4 9. Ng3 h5 10. h3 Bh4 11. Qd3 Nf8 12. Bd2 gxh3 13. O-O-O Nc6 14. Rxh3 g6 15. Be1 Be7 16. Be2 Qd7 17. Bf3 Kd8 18. Kb1 b6 19. f5 gxf5 20. Nxf5 exf5 21. Nxd5 Bg5 22. Rg3 Ne6 23. Rxg5 Nxg5 24. Nf6 Nxf3 25. Qxf3 Qf7 26. Qxc6 Rb8 27. Bh4 Bb7 28. Ne4+ Kc8 29. Nd6# 1-0

[Event "Hamburg-ch int"]
[Site "Hamburg"]
[Date "2001.06.04"]
[Round "3"]
[White "Hector, Jonny"]
[Black "Mueller, Karsten"]
[Result "1-0"]
[WhiteElo "2546"]
[BlackElo "2525"]
[PlyCount "99"]
[EventDate "2001.06.02"]
[Source "ChessBase"]
[SourceDate "2001.07.03"]

1. e4 e6 2. d4 d5 3. Nc3 Bb4 4. Nge2 dxe4 5. a3 Bxc3+ 6. Nxc3 Nc6 7. Bb5 Nge7 8. Bg5 f6 9. Be3 O-O 10. Qd2 e5 11. dxe5 Qxd2+ 12. Bxd2 Nxe5 13. O-O-O c6 14. Ba4 Be6 15. Nxe4 b5 16. Nc5 Bc4 17. Bb3 Nd5 18. h3 Rfe8 19. f4 Nf7 20. Bxc4 bxc4 21. Nb7 Re4 22. g3 Rc8 23. Rhe1 f5 24. Rxe4 fxe4 25. Be1 g5 26. fxg5 e3 27. Na5 Nxg5 28. Nxc6 Rxc6 29. Rxd5 Nf3 30. Rd8+ Kf7 31. Bb4 Ng1 32. Rf8+ Kg6 33. Re8 e2 34. Kd2 Rc7 35. Re7 Rc8 36. Ke1 Rd8 37. Kf2 Rd1 38. Be1 Rc1 39. Kxg1 Rxe1+ 40. Kf2 Rb1 41. Kxe2 Rxb2 42. Kd2 a5 43. Re5 Rb1 44. Rxa5 Rg1 45. h4 h6 46. h5+ Kf6 47. Kc3 Rg2 48. a4 Ke6 49. Ra6+ Kd5 50. Rg6 1-0

[Event "YUG-HUN"]
[Site "Pula CRO"]
[Date "1971.??.??"]
[Round "?"]
[White "Bilek, Istvan"]
[Black "Ivkov, Borislav"]
[Result "0-1"]
[WhiteElo "2500"]
[BlackElo "2570"]
[PlyCount "52"]
[EventDate "1971.??.??"]
[Source "www.chesslib.no"]
[SourceDate "2004.05.04"]

1. e4 e6 2. d4 d5 3. Nc3 Bb4 4. Nge2 dxe4 5. a3 Be7 6. Nxe4 Nf6 7. N2g3 Nbd7 8. Bd3 b6 9. Qf3 Rb8 10. O-O Bb7 11. Rd1 O-O 12. c4 Re8 13. Bf4 Bd6 14. Bg5 h6 15. Be3 a5 16. Rac1 Qe7 17. Qe2 Nxe4 18. Nxe4 Bxh2+ 19. Kxh2 Qh4+ 20. Kg1 Bxe4 21. Bxe4 Qxe4 22. d5 exd5 23. cxd5 Nf6 24. Qb5 Re5 25. Re1 Qxd5 26. Rc5 Qxc5 0-1

[Event "Vendrell op"]
[Site "?"]
[Date "1996.??.??"]
[Round "4"]
[White "Campora Daniel Hugo"]
[Black "Komarov Dimitri"]
[Result "1/2-1/2"]
[WhiteElo "2540"]
[BlackElo "2530"]
[PlyCount "26"]
[EventDate "1996.??.??"]
[Source "www.chesslib.no"]
[SourceDate "2004.05.04"]

1. e4 e6 2. d4 d5 3. Nc3 Bb4 4. Nge2 dxe4 5. a3 Bxc3+ 6. Nxc3 Nc6 7. Be3 Nf6 8. Bc4 O-O 9. Qd2 a6 10. O-O b5 11. Ba2 Bb7 12. Rad1 Ne7 13. Bg5 Ned5 1/2-1/2

[Event "Sevilla op"]
[Site "Sevilla"]
[Date "1992.??.??"]
[Round "8"]
[White "Campora, Daniel Hugo"]
[Black "Lalic, Bogdan"]
[Result "1/2-1/2"]
[WhiteElo "2550"]
[BlackElo "2515"]
[PlyCount "53"]
[EventDate "1992.01.??"]
[Source "ChessBase"]

1. e4 e6 2. d4 d5 3. Nc3 Bb4 4. Nge2 dxe4 5. a3 Bxc3+ 6. Nxc3 Nc6 7. Be3 Nge7 8. Qd2 O-O 9. O-O-O f5 10. f3 Nd5 11. fxe4 Nxc3 12. Qxc3 fxe4 13. Bc4 Ne7 14. Bg5 Nd5 15. Qd2 Qd6 16. Qe2 b5 17. Bxb5 Rf5 18. h4 Rb8 19. c4 Ba6 20. g4 Rf7 21. Rhf1 Rxf1 22. Rxf1 Bxb5 23. cxb5 c6 24. Qxe4 cxb5 25. Re1 Rb6 26. Bd2 b4 27. axb4 1/2-1/2

[Event "Pulvermuehle 2nd"]
[Site "Pulvermuehle"]
[Date "2004.02.24"]
[Round "7"]
[White "Hector, Jonny"]
[Black "Conquest, Stuart"]
[Result "1/2-1/2"]
[WhiteElo "2518"]
[BlackElo "2543"]
[PlyCount "126"]
[EventDate "2004.02.19"]
[Source "ChessBase"]
[SourceDate "2004.06.01"]

1. e4 e6 2. d4 d5 3. Nc3 Bb4 4. Nge2 Nc6 5. a3 Ba5 6. e5 Nge7 7. b4 Bb6 8. Na4 O-O 9. b5 Na5 10. Ng3 Nf5 11. Nxb6 cxb6 12. Bd3 f6 13. Nxf5 exf5 14. O-O fxe5 15. dxe5 Be6 16. Bb2 Rc8 17. Bd4 Nc4 18. f4 Qd7 19. a4 Rc7 20. Qe2 Qc8 21. h3 Kh8 22. Kh2 Qe8 23. Rf2 Qc8 24. Rg1 Rcf7 25. Qh5 Rg8 26. g4 g6 27. Qh4 Qf8 28. gxf5 gxf5 29. Rxg8+ Kxg8 30. Rg2+ Rg7 31. Rxg7+ Qxg7 32. Qd8+ Qf8 33. Qg5+ Kh8 34. Bc3 Qf7 35. Bb4 Ne3 36. Qd8+ Qg8 37. Qxg8+ Kxg8 38. Bc3 Nc4 39. Kg3 Kf7 40. Kh4 h6 41. Kg3 Bd7 42. Kf2 a6 43. Bd4 Kg6 44. Be2 axb5 45. axb5 Na3 46. Bxb6 Bxb5 47. Bf3 Bc6 48. c3 Nc4 49. Bc5 Nd2 50. Bd4 Nxf3 51. Kxf3 Kf7 52. Ke3 Bb5 53. Bb6 Bf1 54. h4 h5 55. Kd4 Ke6 56. Kc5 Be2 57. Ba7 Bf3 58. Kb6 Kd7 59. Bb8 Ke6 60. Bd6 Be4 61. Bc5 Bf3 62. Bd4 Bd1 63. Kxb7 Ba4 1/2-1/2

[Event "TCh-FRA, Montpellier FRA"]
[Site "?"]
[Date "2001.??.??"]
[Round "9"]
[White "Degraeve, JM."]
[Black "Legky, N."]
[Result "1/2-1/2"]
[WhiteElo "2585"]
[BlackElo "2475"]
[PlyCount "76"]
[EventDate "2001.??.??"]
[Source "www.chesslib.no"]
[SourceDate "2004.05.04"]

1. e4 e6 2. d4 d5 3. Nc3 Bb4 4. Nge2 Nf6 5. e5 Ne4 6. a3 Nxc3 7. Nxc3 Bxc3+ 8. bxc3 O-O 9. Bd3 f5 10. exf6 Qxf6 11. O-O Bd7 12. Rb1 b6 13. c4 h6 14. Qg4 Rf7 15. Qg3 Nc6 16. c3 Na5 17. Bg6 Re7 18. cxd5 exd5 19. Bf4 Nc4 20. Rbe1 Rf8 21. Rxe7 Qxe7 22. Bd3 Nb2 23. Bb1 Bb5 24. Rc1 Bd3 25. Bxh6 Bxb1 26. Rxb1 Rf7 27. Bd2 Nc4 28. Re1 Qxa3 29. Bg5 Nd6 30. Qe3 Ne4 31. f3 Nxg5 32. Qxg5 Qd6 33. h4 a5 34. h5 c6 35. Re8+ Rf8 36. Re7 Rf7 37. Re8+ Rf8 38. Re7 Rf7 1/2-1/2

[Event "URS-ch U26"]
[Site "Minsk"]
[Date "1990.??.??"]
[Round "?"]
[White "Epishin, Vladimir"]
[Black "Neverov, Valeriy"]
[Result "0-1"]
[WhiteElo "2550"]
[BlackElo "2505"]
[PlyCount "80"]
[EventDate "1990.01.??"]
[Source "ChessBase"]

1. e4 e6 2. d4 d5 3. Nc3 Bb4 4. Nge2 Nf6 5. e5 Nfd7 6. a3 Be7 7. f4 c5 8. Be3 Nc6 9. dxc5 Nxc5 10. Nd4 O-O 11. Be2 Bd7 12. O-O Rc8 13. Qd2 a6 14. Rad1 Qc7 15. Bf3 Rfd8 16. Qf2 Be8 17. Nxc6 Qxc6 18. f5 Ne4 19. Bxe4 dxe4 20. f6 Bxa3 21. bxa3 Qxc3 22. Qg3 g6 23. Rd6 h6 24. Qh3 h5 25. Qg3 Rxd6 26. exd6 Qb2 27. Qg5 Rxc2 28. h4 Bb5 29. Rd1 Bd7 30. Kh1 Qc3 31. Rf1 Qc8 32. Qf4 Qe8 33. g4 e5 34. Qh6 Qf8 35. gxh5 Qxh6 36. Bxh6 e3 37. Rd1 Bc6+ 38. Kg1 Rg2+ 39. Kf1 e2+ 40. Ke1 exd1=Q+ 0-1

[Event "France (ch) 82/273"]
[Site "?"]
[Date "2001.??.??"]
[Round "?"]
[White "Nataf, I.-A."]
[Black "Apicella, M."]
[Result "1-0"]
[WhiteElo "2527"]
[BlackElo "2524"]
[PlyCount "79"]
[EventDate "2001.??.??"]
[Source "Chess Informant"]
[SourceDate "2001.06.01"]

1. e4 e6 2. d4 d5 3. Nc3 Bb4 4. Nge2 dxe4 5. a3 Bxc3+ 6. Nxc3 Nc6 7. Bb5 Nge7 8. Bg5 f6 9. Be3 f5 10. Qh5+ g6 11. Qh6 Kf7 12. O-O-O Nd5 13. Nxd5 exd5 14. Bf4 Qf8 15. Qh4 Qe7 16. Qg3 Be6 17. h4 h5 18. Bxc7 Rhc8 19. Bd6 Qd8 20. Kb1 a6 21. Bxc6 Rxc6 22. Be5 Rac8 23. Rd2 b5 24. Qf4 a5 25. Rh3 b4 26. Rg3 Bd7 27. a4 Rc3 28. Qh6 Rxg3 29. Qg7+ Ke6 30. fxg3 Be8 31. g4 Qxh4 32. gxf5+ gxf5 33. Qh6+ Kf7 34. Qg7+ Ke6 35. Qh6+ Kf7 36. Rf2 Bd7 37. Qg7+ Ke6 38. Qg6+ Ke7 39. Qd6+ Ke8 40. Bf6 1-0

[Event "Skopje ol (Men)"]
[Site "Skopje MKD"]
[Date "1972.09.28"]
[Round "2.1"]
[White "Gheorghiu, Florin"]
[Black "Uhlmann, Wolfgang"]
[Result "1/2-1/2"]
[WhiteElo "2520"]
[BlackElo "2530"]
[PlyCount "32"]
[EventDate "1972.09.??"]
[Source "www.chesslib.no"]
[SourceDate "2004.05.04"]

1. e4 e6 2. d4 d5 3. Nc3 Bb4 4. Nge2 dxe4 5. a3 Be7 6. Nxe4 Nf6 7. N2g3 Nc6 8. c3 e5 9. Nxf6+ Bxf6 10. d5 Ne7 11. Bc4 O-O 12. O-O Ng6 13. Ne4 Be7 14. Qh5 Kh8 15. Ng5 Bxg5 16. Bxg5 Qd6 1/2-1/2

[Event "TCh-SWE Elitserien 2004-5"]
[Site "?"]
[Date "2005.03.12"]
[Round "10"]
[White "Hector Jonny"]
[Black "Berg Emanuel"]
[Result "0-1"]
[WhiteElo "2516"]
[BlackElo "2534"]
[PlyCount "56"]
[EventDate "2005.??.??"]
[Source "www.chesslib.no"]
[SourceDate "2004.05.04"]

1. e4 e6 2. d4 d5 3. Nc3 Bb4 4. Nge2 Nc6 5. a3 Ba5 6. e5 Nge7 7. b4 Bb6 8. Na4 O-O 9. c3 f6 10. f4 Bd7 11. h4 Qe8 12. h5 Nd8 13. Nb2 Nf7 14. g4 fxe5 15. fxe5 a5 16. Bf4 Bb5 17. Rg1 Nc6 18. Rg2 Nfxe5 19. Bxe5 Nxe5 20. dxe5 Rxf1+ 21. Kxf1 Qf7+ 22. Ke1 Qf3 23. c4 Qxg2 24. c5 Rf8 25. Kd2 Rf2 26. Nd3 Bxd3 27. Kxd3 Qf3+ 28. Kd2 d4 0-1

[Event "NED Team Ch"]
[Site "NED"]
[Date "1993.??.??"]
[Round "3"]
[White "Van Mil, Johannes A J"]
[Black "Korchnoi, Viktor L"]
[Result "1/2-1/2"]
[WhiteElo "2435"]
[BlackElo "2605"]
[PlyCount "137"]
[EventDate "1993.??.??"]
[Source "www.chesslib.no"]
[SourceDate "2004.05.04"]

1. e4 e6 2. d4 d5 3. Nc3 Bb4 4. Nge2 dxe4 5. a3 Bxc3+ 6. Nxc3 Nc6 7. Be3 Nf6 8. Qd2 Bd7 9. O-O-O Ne7 10. Bg5 Bc6 11. Bc4 Qd6 12. Rhe1 O-O-O 13. g3 Ned5 14. Nxe4 Nxe4 15. Rxe4 Nb6 16. d5 Nxc4 17. Rxc4 Qxd5 18. Rd4 Qxd4 19. Qxd4 Rxd4 20. Rxd4 e5 21. Rd1 f6 22. Be3 g5 23. b3 b6 24. f4 exf4 25. gxf4 g4 26. Bf2 f5 27. Bh4 Re8 28. Re1 Be4 29. Rd1 Re6 30. Rd8+ Kb7 31. Rd7 Rh6 32. Bg3 Rc6 33. c4 b5 34. Rxh7 bxc4 35. bxc4 Rxc4+ 36. Kb2 a5 37. Rd7 Rc2+ 38. Kb3 Kb6 39. Rd4 Re2 40. Kc3 c5 41. Rd2 Re3+ 42. Kc4 Kc6 43. Bf2 Rxa3 44. Rd6+ Kc7 45. Bxc5 Rh3 46. Rd2 a4 47. Ra2 Bc6 48. Kd4 Bd7 49. Kd5 Rc3 50. Bd6+ Kb6 51. Rb2+ Ka6 52. Bc5 Bb5 53. Bb4 Re3 54. Bc5 Re4 55. Bd6 Bc4+ 56. Kc6 Bb3 57. Rd2 Re6 58. Rd3 Rh6 59. Re3 Bd1 60. Re5 Bf3+ 61. Kc5 Be4 62. Re7 Rxd6 63. Kxd6 a3 64. Rc7 a2 65. Rc1 Kb5 66. Ra1 Bb1 67. Ke5 Kc4 68. Rxa2 Bxa2 69. Kxf5 1/2-1/2

[Event "VAM Hoogeveen op"]
[Site "Wijk aan Zee"]
[Date "1997.??.??"]
[Round "8"]
[White "Polgar, Sofia"]
[Black "Psakhis, Lev"]
[Result "1/2-1/2"]
[WhiteElo "2475"]
[BlackElo "2565"]
[PlyCount "41"]
[EventDate "1997.10.??"]
[Source "ChessBase"]
[SourceDate "1997.11.24"]

1. e4 e6 2. d4 d5 3. Nc3 Bb4 4. Nge2 Nf6 5. Bg5 h6 6. Bxf6 Qxf6 7. a3 Ba5 8. Qd3 dxe4 9. Qxe4 O-O 10. Qe3 b5 11. Ng3 a6 12. Nge4 Qe7 13. Nc5 Bxc3+ 14. Qxc3 Nd7 15. Nxd7 Qxd7 16. Be2 Bb7 17. O-O Qd6 18. Rfd1 Rac8 19. b4 Bd5 20. a4 c6 21. g3 1/2-1/2

[Event "Gothenburg"]
[Site "?"]
[Date "1996.??.??"]
[Round "6"]
[White "Gdanski Jacek"]
[Black "Shulman Yuri"]
[Result "1/2-1/2"]
[WhiteElo "2485"]
[BlackElo "2555"]
[PlyCount "22"]
[EventDate "1996.??.??"]
[Source "www.chesslib.no"]
[SourceDate "2004.05.04"]

1. e4 e6 2. d4 d5 3. Nc3 Bb4 4. Nge2 dxe4 5. a3 Be7 6. Nxe4 Nf6 7. Qd3 Nc6 8. Nxf6+ Bxf6 9. Be3 O-O 10. f4 b6 11. O-O-O Bb7 1/2-1/2

[Event "Vrsac YUG"]
[Site "Vrsac YUG"]
[Date "1981.??.??"]
[Round "15"]
[White "Campora, Daniel H"]
[Black "Petrosian, Tigran V"]
[Result "0-1"]
[WhiteElo "2455"]
[BlackElo "2585"]
[PlyCount "70"]
[EventDate "1981.??.??"]
[Source "www.chesslib.no"]
[SourceDate "2004.05.04"]

1. e4 e6 2. d4 d5 3. Nc3 Bb4 4. Nge2 dxe4 5. a3 Be7 6. Nxe4 Nc6 7. Be3 Nf6 8. Nxf6+ Bxf6 9. Qd2 O-O 10. O-O-O Ne7 11. Nc3 Nf5 12. Ne4 Be7 13. Bg5 b6 14. Bxe7 Qxe7 15. Ng3 Nh4 16. Bd3 Bb7 17. f3 Rad8 18. Be4 Bxe4 19. fxe4 Rd7 20. Rhg1 Rfd8 21. Qe3 c5 22. c3 cxd4 23. cxd4 Rxd4 24. Rxd4 Qc5+ 25. Kb1 Qxd4 26. Qxd4 Rxd4 27. Rc1 g6 28. Rc7 Nxg2 29. Rxa7 f5 30. exf5 gxf5 31. Kc2 Ne1+ 32. Kc1 f4 33. Nh5 f3 34. Nf6+ Kf8 35. Rxh7 f2 0-1

[Event "AUT-ch team 2000/01"]
[Site "?"]
[Date "2000.10.22"]
[Round "2"]
[White "Hertneck Gerald"]
[Black "Uhlmann Wolfgang"]
[Result "1/2-1/2"]
[WhiteElo "2568"]
[BlackElo "2471"]
[PlyCount "137"]
[EventDate "2000.??.??"]
[Source "www.chesslib.no"]
[SourceDate "2004.05.04"]

1. e4 e6 2. d4 d5 3. Nc3 Bb4 4. Nge2 dxe4 5. a3 Bxc3+ 6. Nxc3 Nc6 7. Bb5 Nge7 8. Bg5 f6 9. Be3 O-O 10. Qd2 e5 11. d5 Nd4 12. Bxd4 exd4 13. Qxd4 Nf5 14. Qb4 Nd6 15. O-O-O Bf5 16. h4 a6 17. Be2 Qd7 18. h5 h6 19. Rd2 Rfe8 20. Nd1 Bg4 21. Bxg4 Qxg4 22. Ne3 Qg5 23. Kb1 Rab8 24. Ka2 Kh8 25. g3 Nf5 26. Qc3 Nxe3 27. Qxe3 Qe5 28. g4 b5 29. Rd4 Rbd8 30. Rhd1 Rd6 31. c3 f5 32. f4 exf3 33. Qxf3 Rf6 34. a4 bxa4 35. Rxa4 Rb8 36. Rd2 fxg4 37. Qxg4 Rf5 38. Re4 Qf6 39. Qg6 Qf8 40. Rde2 Rf6 41. Re8 Rxg6 42. Rxf8+ Rxf8 43. hxg6 Kg8 44. c4 h5 45. Ka3 h4 46. Kb4 Rf6 47. Re8+ Rf8 48. Re4 Rf6 49. Rxh4 Rxg6 50. Rf4 Rb6+ 51. Kc5 g5 52. Rg4 Rg6 53. Kd4 Kf7 54. Ke5 Rb6 55. Rg2 Ke7 56. c5 Rg6 57. Rg4 a5 58. Ra4 g4 59. Kf4 Rf6+ 60. Kxg4 Rf2 61. Rxa5 Rd2 62. Kf5 Rxd5+ 63. Ke4 c6 64. Ra7+ Kd8 65. b4 Kc8 66. Rf7 Rd1 67. Ke5 Rd5+ 68. Ke6 Rd4 69. Rg7 1/2-1/2

[Event "Corr"]
[Site "?"]
[Date "1999.??.??"]
[Round "2"]
[White "Osterman Georg"]
[Black "Crespo Ramon Jose"]
[Result "1-0"]
[WhiteElo "2554"]
[BlackElo "2482"]
[PlyCount "71"]
[EventDate "1999.??.??"]
[Source "www.chesslib.no"]
[SourceDate "2004.05.04"]

1. e4 e6 2. d4 d5 3. Nc3 Bb4 4. Nge2 dxe4 5. a3 Be7 6. Nxe4 Nf6 7. Qd3 O-O 8. Bf4 Nd5 9. Bd2 b6 10. O-O-O Ba6 11. Qg3 Bh4 12. Qf3 Nc6 13. Be3 Qd7 14. g4 Be7 15. g5 Na5 16. Rg1 Qc6 17. Nf4 Bxf1 18. Rdxf1 Nxf4 19. Qxf4 Nc4 20. d5 exd5 21. Nf6+ Kh8 22. Bd4 Nxa3 23. bxa3 gxf6 24. Rg3 Qe6 25. Re3 Bd6 26. Qf3 Be5 27. gxf6 Bxd4 28. Rxe6 fxe6 29. f7 Rad8 30. Qf4 c5 31. Qc7 e5 32. Qe7 e4 33. h4 Bg7 34. h5 a5 35. Rg1 Rb8 36. Rg5 1-0

[Event "Politiken Cup 24th"]
[Site "Copenhagen"]
[Date "2002.07.21"]
[Round "7"]
[White "Hector, Jonny"]
[Black "Matamoros Franco, Carlos S"]
[Result "1-0"]
[WhiteElo "2562"]
[BlackElo "2473"]
[PlyCount "163"]
[EventDate "2002.07.15"]
[Source "ChessBase"]
[SourceDate "2002.09.11"]

1. e4 e6 2. d4 d5 3. Nc3 Bb4 4. Nge2 dxe4 5. a3 Bxc3+ 6. Nxc3 Nc6 7. Bb5 Nge7 8. Bg5 f6 9. Be3 O-O 10. Qd2 f5 11. O-O-O a6 12. Bxc6 Nxc6 13. Bg5 Qd7 14. d5 exd5 15. Nxd5 Qf7 16. Bf4 Rd8 17. Bxc7 Rd7 18. Bb6 Ne5 19. Qa5 Nd3+ 20. cxd3 Rxd5 21. dxe4 Rxa5 22. Rd8+ Qf8 23. Rxf8+ Kxf8 24. Bxa5 fxe4 25. Rd1 Bf5 26. Rd5 g6 27. Kd2 Kf7 28. Ke3 Rc8 29. Bc3 Be6 30. Rd2 Rc7 31. Rd8 Rc8 32. Rd1 Rc7 33. Kxe4 Rd7 34. Rg1 Bd5+ 35. Kf4 Bc6 36. f3 Rd5 37. h4 Rf5+ 38. Kg3 h5 39. Re1 Rd5 40. Bb4 a5 41. Bc3 a4 42. Bb4 Rd7 43. Kf4 Kf6 44. Bc3+ Kf7 45. Kg5 Rd5+ 46. Kh6 Rd8 47. Re2 Rd7 48. Bb4 Kf6 49. Bd2 Kf7 50. Bg5 Rc7 51. Re5 Rd7 52. Rc5 Rd4 53. Rc1 Bd7 54. Rc7 b5 55. Rb7 Rd5 56. Bf4 Kf6 57. Rb6+ Be6 58. Rb8 Bf5 59. Rb6+ Kf7 60. Bg5 Rd1 61. Rxb5 Rg1 62. g4 hxg4 63. fxg4 Bxg4 64. Rb7+ Ke6 65. Rb6+ Kd5 66. Kxg6 Rh1 67. Bf6 Bd1 68. Rb5+ Kc4 69. Ra5 Kb3 70. h5 Ka2 71. Rg5 Rh2 72. h6 Bc2+ 73. Kg7 Bb1 74. Be5 Rh1 75. Rg4 Bc2 76. Rc4 Rg1+ 77. Kh8 Bb3 78. Rc8 Be6 79. Ra8 Bb3 80. h7 Rg5 81. Bf6 Rg2 82. Rg8 1-0

[Event "Sochi (Russia)"]
[Site "?"]
[Date "2005.04.24"]
[Round "6"]
[White "Rogovski Vladimir"]
[Black "Rychagov Andrey"]
[Result "0-1"]
[WhiteElo "2509"]
[BlackElo "2525"]
[PlyCount "146"]
[EventDate "2005.??.??"]
[Source "www.chesslib.no"]
[SourceDate "2004.05.04"]

1. e4 e6 2. d4 d5 3. Nc3 Bb4 4. Nge2 dxe4 5. a3 Be7 6. Nxe4 Nf6 7. N2g3 O-O 8. Bc4 Nc6 9. c3 e5 10. d5 Na5 11. Ba2 b5 12. Nxf6+ Bxf6 13. O-O Nc4 14. b3 Nb6 15. c4 Ba6 16. Qc2 bxc4 17. bxc4 c6 18. d6 Qxd6 19. c5 Qd3 20. Qxd3 Bxd3 21. cxb6 axb6 22. Re1 e4 23. Rb1 Bc3 24. Re3 Bd4 25. Rb4 Bc5 26. Rb3 Bxe3 27. Bxe3 c5 28. Rc3 c4 29. h4 b5 30. Bc5 Rfc8 31. Bb4 g6 32. Rc1 Rd8 33. Nf1 Ra4 34. Bb1 f5 35. Bc2 Ra6 36. g3 Kf7 37. Ne3 Ke6 38. Ng2 Kf7 39. Nf4 h6 40. Bd1 Rd7 41. Ne2 Ke6 42. Nc3 Rb7 43. Be2 g5 44. Bh5 Ra8 45. hxg5 hxg5 46. g4 Kf6 47. Re1 Rd8 48. Kg2 Bc2 49. Re2 Bd3 50. Re3 Bc2 51. gxf5 Kxf5 52. Ne2 g4 53. Rg3 Rg7 54. Bc3 Bd1 55. Kf1 Rgg8 56. Bf7 Rgf8 57. Bh5 Rg8 58. Bf7 Rgf8 59. Bh5 Rg8 60. Ke1 Bxe2 61. Kxe2 Rd3 62. Bf7 Rf8 63. Bh5 Rxg3 64. fxg3 Rd8 65. Bb4 Rd3 66. Be8 c3 67. Bxb5 c2 68. Bd2 Rxg3 69. Bc1 Rg1 70. Kd2 g3 71. Bd7+ Ke5 72. Bb2+ Kf4 73. Bh3 Rh1 0-1